LIBRARY ONLINE CATALOGUE

Analytical methods for environmental monitoring / (Record no. 2855)

MARC details
000 -LEADER
fixed length control field 00769nam a22002292 4500
001 - CONTROL NUMBER
control field 0000004657
005 - DATE AND TIME OF LATEST TRANSACTION
control field 20151217145820.0
008 - FIXED-LENGTH DATA ELEMENTS--GENERAL INFORMATION
fixed length control field 070528s xx 000 0 eng d
020 ## - INTERNATIONAL STANDARD BOOK NUMBER
International Standard Book Number 0582253578 :
Terms of availability GBP 47.69
040 ## - CATALOGING SOURCE
Original cataloging agency KABU
Transcribing agency KABU
050 #0 - LIBRARY OF CONGRESS CALL NUMBER
Classification number QH541.15
Item number .M64A53
245 10 - TITLE STATEMENT
Title Analytical methods for environmental monitoring /
Statement of responsibility, etc. ed. by Rafi Ahmad, Michael Cartwright, Frank Taylor.
260 ## - PUBLICATION, DISTRIBUTION, ETC. (IMPRINT)
Place of publication, distribution, etc. Harlow, England :
Name of publisher, distributor, etc. Pearson Educ.,
Date of publication, distribution, etc. 2001.
300 ## - PHYSICAL DESCRIPTION
Extent xix, 317 p.
650 #0 - SUBJECT ADDED ENTRY--TOPICAL TERM
Topical term or geographic name as entry element Environmental monitoring
General subdivision Methodology.
-- 0000155321
700 1# - ADDED ENTRY--PERSONAL NAME
Personal name Taylor, Frank.
-- 0000155322
700 1# - ADDED ENTRY--PERSONAL NAME
Personal name Cartwright, Michael.
-- 0000155323
700 1# - ADDED ENTRY--PERSONAL NAME
Personal name Ahmad, Rafi.
-- 0000155324
908 ## - PUT COMMAND PARAMETER (RLIN)
Put command parameter 070528
950 ## - LOCAL HOLDINGS (RLIN)
-- 1
Holdings
Withdrawn status Lost status Source of classification or shelving scheme Not for loan Home library Current library Date acquired Total Checkouts Full call number Barcode Date last seen Price effective from Koha item type
    Library of Congress Classification   Kabarak, Main Campus Kabarak, Main Campus 17/12/2015   QH541.15 .M64A53 007320 17/12/2015 17/12/2015 General Collection